| 000 | 00422nam a2200169Ia 4500 | ||
|---|---|---|---|
| 008 | 221030s9999 xx 000 0 und d | ||
| 020 | _a8120311477 | ||
| 041 | _aEnglish | ||
| 082 |
_a105.23 _bKoh |
||
| 100 | _aB. Kolman | ||
| 245 | 0 |
_aDiscrete Mathematical Structures _cby B. Kolman, R. C. Busby |
|
| 260 |
_bPHI _aNew Delhi _c2000 |
||
| 300 | _a524 | ||
| 650 | _aBE Mathematics | ||
| 700 | _aR. C. Busby | ||
| 942 | _cBK | ||
| 999 |
_c6599 _d6599 |
||